00616pab a2200145 454500008004000000100001800040245005900058260000900117300001400126362001100140520025000151650001700401700001800418773003400436180718b2006 xxu||||| |||| 00| 0 eng d aRajagopal, A. aEquity, access and allocation: conflict in the Bhavani c2006 ap.581-82. a16 Feb aAn increase in population, unplanned expansion in the command area of the river Bhavani in Tamil Nadu and the growing domestic and industrical demand for water have intensified competition among water users in the river basin. - Reproduced. 6 aWater supply aJayakumar, N. aEconomic and Political Weekly